00414nam a2200145Ia 4500003000400000005001700004008004100021040000900062082002000071100003500091245005100126260006200177300000900239650002000248OSt20201204113549.0190216s9999||||xx |||||||||||||| ||und|| coclc a894.8123bPIL/P aPillai, Thakazhi Shivashankara 0aPerillakkatha /cThakazhi Shivashankara Pillai bSahithya Pravarthaka Sahakarana Sangam,c1986.aKottayam: a162p aMalayalam Novel